[Event "Wch U08 rapid"]
[Site "Minsk"]
[Date "2018.06.23"]
[Round "8"]
[White "Movahed, Sina"]
[Black "Murzabekov, Adlet"]
[Result "1/2-1/2"]
[WhiteElo "1554"]
[BlackElo "1167"]
[PlyCount "116"]
[EventDate "2018.06.22"]
[EventType "swiss (rapid)"]
[EventRounds "9"]
[EventCountry "BLR"]
[SourceTitle "EXT 2019"]
[Source "ChessBase"]
[SourceDate "2018.10.10"]
[SourceVersion "1"]
[SourceVersionDate "2018.10.10"]
[SourceQuality "1"]

1. e4 e5 2. Nf3 Nc6 3. Bc4 Bc5 4. b4 Bb6 5. a4 a6 6. 0-0 Nf6 7. Re1 0-0 8. c3 d6 9. d3 Be6 10. Bxe6 fxe6 11. Qb3 Qd7 12. Be3 Ng4 13. Bxb6 cxb6 14. h3 Nf6 15. Nbd2 Nh5 16. g3 Rf6 17. Nf1 Raf8 18. N1h2 d5 19. Qd1 d4 20. b5 axb5 21. axb5 Ne7 22. Nxe5 Qxb5 23. Qxh5 Ng6 24. cxd4 Rxf2 25. Re2 R2f6 26. Nhg4 R6f7 27. Qg5 Qb4 28. Qe3 Nxe5 29. Nxe5 Rf6 30. Kg2 Qe7 31. Rb1 Qd6 32. Nc4 Qd8 33. e5 Rf3 34. Qe4 Qg5 35. Qxf3 Rxf3 36. Kxf3 Qf5+ 37. Ke3 h6 38. g4 Qg5+ 39. Kf3 Qh4 40. Kg2 Qd8 41. Re4 b5 42. Rxb5 Qd7 43. Nd6 Qc6 44. Rc5 Qa6 45. Re3 Qa2+ 46. Kg3 Qa1 47. Rc4 Qg1+ 48. Kf3 Qh1+ 49. Kf4 Qh2+ 50. Rg3 Qf2+ 51. Rf3 Qh2+ 52. Ke3 Qg1+ 53. Ke2 Qg2+ 54. Rf2 Qxh3 55. Rc8+ Kh7 56. Rf4 Qg2+ 57. Ke3 Qg3+ 58. Ke4 Qe1+ 1/2-1/2

[Event "Wch U08 rapid"]
[Site "Minsk"]
[Date "2018.06.23"]
[Round "9"]
[White "Murzabekov, Adlet"]
[Black "Azadaliyev, Jahandar"]
[Result "0-1"]
[WhiteElo "1167"]
[BlackElo "1566"]
[PlyCount "110"]
[EventDate "2018.06.22"]
[EventType "swiss (rapid)"]
[EventRounds "9"]
[EventCountry "BLR"]
[SourceTitle "EXT 2019"]
[Source "ChessBase"]
[SourceDate "2018.10.10"]
[SourceVersion "1"]
[SourceVersionDate "2018.10.10"]
[SourceQuality "1"]

1. e4 c6 2. d4 d5 3. e5 Bf5 4. h4 h5 5. Bd3 Bxd3 6. Qxd3 e6 7. Nf3 c5 8. Bg5 Be7 9. dxc5 Qa5+ 10. Nc3 Qxc5 11. Bxe7 Nxe7 12. Qb5+ Qc6 13. Nd4 Qd7 14. Qxd7+ Kxd7 15. Ndb5 Nf5 16. 0-0-0 a6 17. Nd4 Nxd4 18. Rxd4 Nc6 19. Rd2 Nxe5 20. Re1 Nc4 21. Rd4 Kc7 22. b3 Nd6 23. Ne2 Nf5 24. Rd2 Nxh4 25. g3 Nf3 26. Rdd1 Nxe1 27. Rxe1 h4 28. gxh4 Rxh4 29. Nc3 Kd6 30. f3 Rf4 31. Ne2 Rxf3 32. Nd4 Rf4 33. Ne2 Re4 34. Kd2 Rc8 35. Rc1 g5 36. Nc3 Rd4+ 37. Ke3 Rh4 38. Ne2 Rh3+ 39. Kd2 g4 40. Ke1 Rh1+ 41. Kf2 Rxc1 42. Nxc1 Rxc2+ 43. Ne2 g3+ 44. Kf3 Rxe2 45. Kxe2 f5 46. Kf3 f4 47. Kg2 e5 48. a4 e4 49. b4 d4 50. b5 axb5 51. axb5 d3 52. Kf1 f3 53. Ke1 e3 54. Kf1 d2 55. Kg1 d1Q# 0-1